Social economic and physical proposals for the development of Chambeshi (Record no. 57682)

MARC details
000 -LEADER
fixed length control field 00548nam a2200121 a 4500
008 - FIXED-LENGTH DATA ELEMENTS--GENERAL INFORMATION
fixed length control field 080514s1994 ||||||||||||||||| || u
050 ## - LIBRARY OF CONGRESS CALL NUMBER
Classification number THESIS
100 ## - MAIN ENTRY--PERSONAL NAME
Personal name Kazimbaya, B
245 10 - TITLE STATEMENT
Title Social economic and physical proposals for the development of Chambeshi
260 ## - PUBLICATION, DISTRIBUTION, ETC.
Place of publication, distribution, etc. Kitwe
Name of publisher, distributor, etc. Copperbelt University, School of Built Environment,Department of Urban and Regional Planning
Date of publication, distribution, etc. 1994
350 ## - PRICE (NR) (BK AM CF MU VM SE) [OBSOLETE]
Price 0.00
995 ## - RECOMMENDATION 995 [LOCAL, UNIMARC FRANCE]
-- 0.00
-- CBU-MAIN LIBRARY (Kitwe)
-- 1
-- 0.00
-- 1
-- AVAILABLE
-- May 14, 2008
-- University Collection
Holdings
Withdrawn status Lost status Source of classification or shelving scheme Damaged status Not for loan Home library Current library Shelving location Date acquired Total Checkouts Full call number Barcode Date last seen Price effective from Koha item type
          CBU-MAIN LIBRARY, KITWE. CBU-MAIN LIBRARY, KITWE.   11/30/2022   THESIS Z03002512 11/30/2022 11/30/2022 MONOGRAPH